| 000 | 01569nam0a2200337 4500 | ||
|---|---|---|---|
| 001 | RU\NLR\bibl\388101 | ||
| 005 | 20260407062548.0 | ||
| 010 |
_a5-8126-0025-2 _9500 |
||
| 021 |
_aRU _b2003-15136 _9708 |
||
| 035 | _a(NLR Aleph) 000382437 | ||
| 090 |
_a464214 _c464214 |
||
| 100 | _a20030410d2003 |||y0rusy50 ca | ||
| 101 | 0 | _arus | |
| 102 | _aRU | ||
| 105 | _aa ||||||||| | ||
| 200 | 1 |
_aВ.И. Вернадский: жизнь во благо России _e[Сборник] _fНеправительств. экол. фонд им. В.И. Вернадского _g[Сост.: К.А. Степанов, Г.Б. Наумов] |
|
| 210 |
_aМ. _cНоосфера _d2003 |
||
| 215 |
_a211, [1] с., [14] л. ил., портр. _d27 |
||
| 320 | _aБиблиогр. тр. В.И. Вернадского: с. 134-172 | ||
| 320 | _aБиблиогр. в подстроч. примеч. | ||
| 600 | 1 |
_aВернадский _bВ.И. _f1863 - 1945 _gВладимир Иванович _91241500 _3RU\NLR\auth\66189897 |
|
| 686 | _aБ.д(2)Вернадский | ||
| 686 | _aД3д(2)Вернадский | ||
| 702 | 1 |
_4340 _7ca _8rus _aСтепанов _bК. А. _cканд. биол. наук _f1932- _gКирилл Андреевич _914028 _3RU\NLR\AUTH\7731014 |
|
| 712 | 0 | 2 |
_4570 _aНеправительственный экологический фонд им. В. И. Вернадского _cМосква _9558177 _3RU\NLR\AUTH\8810029800 |
| 801 | 0 |
_aRU _bNLR _c20030410 _gPSBO |
|
| 801 | 1 |
_aRU _bNLR _c20030410 |
|
| 942 | _cBOOK | ||
| 980 | _aNB | ||